Statistics for Rock and Roll Band Names

Click here to take the quiz!

General Stats

  • This quiz has been taken 141 times
  • The average score is 9 of 15

Answer Stats

HintAnswer% Correct
Angus YoungAC/DC
85%
Jimmy PageLed Zeppelin
82%
Steven TylerAerosmith
79%
Brian MayQueen
78%
Pete TownshendThe Who
71%
SlashGuns and Roses
69%
Kirk HammettMetallica
68%
Nikki SixxMotley Crue
67%
Roger WatersPink Floyd
66%
EdgeU2
60%
Chester BenningtonLinkin Park
46%
Layne StaleyAlice in Chains
39%
Geddy LeeRush
39%
Billy GibbonsZZ Top
39%
Chad KroegerNickelback
37%

Score Distribution

Percentile by Number Answered

Percent of People with Each Score

Your Score History

You have not taken this quiz